=LDR 00000nam 2200000 4500 =001 INLIS000000000035120 =005 20130612141010 =008 ***********************************Ind** =035 ##$$0010-061300000035120 =041 ##$$a Ind =082 ##$$a 646.3 =090 ##$$a 646.3, Ris d =100 ##$$a Rismayana,Erna =245 ##$$a Desain Busana Muslim, Erna Rismayana =260 ##$$a 2004 $b Bandung =300 ##$$a 80 hlm., ilus., 24 cm =650 ##$$a Pakaian =850 ##$$a NBPNMAT